Statistics for NFL: Single-Game Records: Receiving

Click here to take the quiz!

General Stats

  • This quiz has been taken 36 times
  • The average score is 11 of 39

Answer Stats

Category#PlayerAmount% Correct
Receiving Yards2Calvin Johnson329
97%
Receiving Yards8Jerry Rice289
88%
ReceptionsT8Jerry Rice16
88%
Receiving Yards6Julio Jones300
72%
Receptions2Terrell Owens20
72%
Receiving Yards10Antonio Brown284
63%
ReceptionsT6Antonio Brown17
63%
ReceptionsT8Antonio Brown16
63%
ReceptionsT8Troy Brown16
63%
Receiving Yards7Jimmy Smith291
59%
ReceptionsT8Michael Thomas16
53%
Receptions1Brandon Marshall21
47%
ReceptionsT3Brandon Marshall18
47%
Receiving Yards1Flipper Anderson336
28%
Long ReceptionT1Gerry Allen99
28%
ReceptionsT8Keenan Allen16
28%
ReceptionsT8Wes Welker16
28%
Long ReceptionT1Wes Welker99
28%
Long ReceptionT1Andre' Davis99
16%
ReceptionsT3Jason Witten18
16%
Receiving Yards9John Taylor286
13%
Receiving Yards3Stephone Paige309
9%
Long ReceptionT1Victor Cruz99
9%
Long ReceptionT1Cliff Branch99
6%
Long ReceptionT1Bobby Mitchell99
3%
Receiving Yards5Cloyce Box302
3%
Receiving Yards4Jim Benton303
3%
Long ReceptionT1Robert Brooks99
3%
ReceptionsT8Sonny Randle16
3%
Long ReceptionT1Andy Farkas99
0%
Long ReceptionT1Bernard Berrian99
0%
ReceptionsT6Clark Gaines17
0%
ReceptionsT8Keenan McCardell16
0%
Long ReceptionT1Mac Speedie99
0%
Long ReceptionT1Marc Boerigter99
0%
Long ReceptionT1Mike Quick99
0%
Long ReceptionT1Pat Studstill99
0%
ReceptionsT3Tom Fears18
0%
Long ReceptionT1Tony Martin99
0%

Score Distribution

Percentile by Number Answered

Percent of People with Each Score

Your Score History

You have not taken this quiz